UM Logo
Normal view MARC view
  • Jeong, Won-Sang.

Entry Personal Name

Number of records used in: 1

001 - CONTROL NUMBER

  • control field: 52777

003 - CONTROL NUMBER IDENTIFIER

  • control field: OSt

005 - DATE AND TIME OF LATEST TRANSACTION

  • control field: 20240220142719.0

008 - FIXED-LENGTH DATA ELEMENTS

  • fixed length control field: 240220|| aca||aabn | a|a d

040 ## - CATALOGING SOURCE

  • Original cataloging agency: OSt
  • Transcribing agency: OSt

100 ## - HEADING--PERSONAL NAME

  • Personal name: Jeong, Won-Sang.
  • Relator term: author.

670 ## - SOURCE DATA FOUND

  • Source citation: Work cat.: (OSt): Jeong, Won-Sang. author., Finite control set-model predictive control of H8 inverter considering dead-time effect for PMSM drive systems with reduced conducted common-mode EMI and current distortions /, May 2022.